| 000 | 00677nam a22002417a 4500 | ||
|---|---|---|---|
| 008 | 130826b xxu||||| |||| 00| 0 eng d | ||
| 020 | _a0-521-49986-0 | ||
| 024 | _cAvailable | ||
| 037 | _cAvailable | ||
| 040 |
_aMBSTU LIBRARY _dMBSTU LIBRARY |
||
| 082 |
_222 _a410 jon |
||
| 100 | _aJones, Leo. | ||
| 245 | _aNew progress to first certificate teacher's book. | ||
| 260 |
_aUK _bCambridge Unirerstiy Press. _c1997 |
||
| 300 |
_a30 cm _b158 page _f1 _g30 cm. |
||
| 600 | _2Standard english | ||
| 650 | _2Standard english | ||
| 700 | _aJones, Leo. | ||
| 270 |
_aU.K _bU.K _dU.K |
||
| 365 |
_b1136.00 _d1136.00 |
||
| 942 |
_2ddc _cBK |
||
| 999 |
_c623 _d623 |
||